| 000 | 00873cam a2200265 a 4500 | ||
|---|---|---|---|
| 999 |
_c2931 _d2931 |
||
| 001 | 10836 | ||
| 003 | BD-DhUAP | ||
| 005 | 20210130162240.0 | ||
| 008 | 200229s1998 bg abf b f000 0 eng | ||
| 020 | _a984300000965 | ||
| 040 |
_aBD-DhUAP _cBD-DhUAP _dBD-DhUAP _bEng |
||
| 082 |
_a398.095492 AHM _223 |
||
| 100 | _aAhmed, Wakil. | ||
| 245 |
_aFolklore / _cWakil Ahmed. |
||
| 260 |
_aDhaka : _bAsiatic Society of Bangladesh, _cc2007. |
||
| 300 |
_axi, 410 pages : _billustrations ; _c24 cm. |
||
| 490 |
_aCultural survey of Bangladesh series ; _v7. |
||
| 504 | _aIncludes bibliographical references and index. | ||
| 650 | _aFolklore -- Bangladesh | ||
| 650 | _aBangladesh -- Social life and customs | ||
| 650 | _aMaterial culture -- Bangladesh. | ||
| 710 | _aAsiatic Society of Bangladesh | ||
| 942 |
_2ddc _cBK |
||